Tendencias de desarrollo de la dialéctica materialista /
Guardado en:
| Hovedforfatter: | |
|---|---|
| Andre forfattere: | |
| Format: | Texto |
| Tags: |
Tilføj Tag
Ingen Tags, Vær først til at tagge denne postø!
|
MARC
| LEADER | 00000 a a2200000 04500 | ||
|---|---|---|---|
| 001 | 3147 | ||
| 003 | |||
| 040 | |||
| 100 | |a Lektorski, Vladislav | ||
| 245 | |a Tendencias de desarrollo de la dialéctica materialista / |c Vladislav Lektorski ; Serafim Melivjin | ||
| 700 | |a Melivjin, Serafim | ||
| 773 | |g número 1; páginas 79-89 | ||
| 999 | |c 33448 |d 33448 | ||
